000 00853cam a2200229 a 4500
001 000011677
005 20200929162527.0
008 010524s2001 mx a b 001 0 spa
020 _a9707010959
040 _aDO-SdBNP
_bspa
_cDLC
_dBNPHU
082 _a003.5
_bR467t
100 1 _aReza, Germán A. de la.
_b1958-
_927672
245 1 0 _aTeoría de sistemas :
_breconstrucción de un paradigma /
_cGermán A. de la Reza.
260 _aMéxico :
_bUniversidad Autónoma Metropolitana, Unidad Xochimilco :
_bMiguel Ángel Porrua Grupo Editorial,
_c2001.
300 _a179 p. :
_bil. ;
_c23 cm.
504 _aIncluye referencias bibliográficas (p. 167-179).
650 4 _aTeoría de sistemas
_927673
650 4 _aCambio organizacional
_927674
650 4 _aAnálisis de sistemas
_xTeorías
_927675
910 _aCatalogación por copia / LC
049 _aBNGR
999 _c11363
_d11363